000 00854nam a2200289 a 4500
003 AR-BaBNM
005 20251128204654.0
008 082120s2002 ||||||||||||||000 | spa||
040 _cAR-BaBNM
100 1 _aGuasta, Eugenio
245 0 0 _aCarmen Gándara
260 _aBuenos Aires
_bEdiciones Culturales Argentinas
_bMinisterio de Educación y Justicia
_c1963
300 _a75 p.
_bláms.
490 0 _aBiblioteca del sesquicentenario. Argentinos en las letras
500 _aContiene referencias bibliográficas en p. 71
650 4 _aLITERATURA ARGENTINA
650 4 _aCRITICA LITERARIA
650 4 _aESCRITORES
650 4 _aLITERATURA CONTEMPORANEA
650 4 _aENSAYO
650 4 _aVIDA LITERARIA
653 _aNARRATIVA
655 _aLITERATURA
800 1 _aGonzález, Héctor Blas
_edirector
942 _cBK
998 _cMARTIN
999 _c8336
_d8336